Colors of the Rainbow - with Whammies - Statistics

General Stats
  • This quiz has been taken 47 times
  • The average score is 6 of 7
Answers on the Map
Answers color-coded by a green-red scale on the quiz's map according to % correct below.
 
Answer Stats
Answer % Correct
red
100%
green
88%
orange
88%
yellow
88%
blue
84%
indigo
84%
violet
78%
No matching quizzes found
Score Distribution
Percent of People with Each Score
Percentile by Number Answered
Your Score History
You have not taken this quiz